000 00683cam a22002291 4500
001 sa 64004286
003 DLC
005 20260227112023.0
008 881208q io 000 0 ind
010 _asa 64004286
035 _a(OCoLC)23580999
040 _aDLC
_cMiU
_dDLC
042 _apremarc
043 _ae-ur---
050 0 0 _aLA838
_b.E516
100 1 _aEli͡utin, Vi͡acheslav Petrovich,
_d1907-
240 0 0 _aHigher education in the USSR.
_lIndonesian.
245 1 0 _aPendidikan tinggi di Uni Sovjet
260 _aDjakarta,
_bLembaga Kebudajaan Rakjat, Bagian Penerbitan
_c[cover 1963]
300 _a52 p.
_c22 cm.
650 0 _aUniversities and colleges
_zSoviet Union
999 _c58414
_d58414